| 000 | 00592nam a22002057a 4500 | ||
|---|---|---|---|
| 003 | OSt | ||
| 005 | 20240227113918.0 | ||
| 008 | 190516t xxu||||| |||| 00| 0 eng d | ||
| 020 | _a9781573350310 | ||
| 040 | _c0 | ||
| 082 |
_a759.2 _bDOE 1995 |
||
| 100 | 1 |
_aDoeser, Linda _9121460 |
|
| 245 | 1 | 0 |
_aThe life and works of Gainsborough/ _cLinda Doeser |
| 260 |
_aNew York: _bShooting Star Press; _c1995. |
||
| 300 |
_a79p.: _bill; _c20cm. |
||
| 650 |
_aArtists _9118882 |
||
| 650 |
_aPainters _9121461 |
||
| 942 |
_2ddc _cBK _aSADA _k759.2 DOE 1995 |
||
| 999 |
_c608326 _d608326 |
||